El color de la piel

Guardat en:
Dades bibliogràfiques
Autor principal: Díaz Eterovic, Ramón (autor)
Format: Llibre
Idioma:espanyol
Publicat: Santiago LOM 2003
Edició:1a. ed
Col·lecció:Narrativa
Matèries:
Etiquetes: Afegir etiqueta
Sense etiquetes, Sigues el primer a etiquetar aquest registre!

MARC

LEADER 00000nam a2200000 a 4500
001 UCK7005
003 CL-VaPUC
008 051028e20030000CL |||||||||||||||||spa|d
020 |a 9562825574 
082 0 4 |a Ch863  |b DIA  |2 21 
100 |a Díaz Eterovic, Ramón  |e autor  |9 322452 
245 1 3 |a El color de la piel 
250 |a 1a. ed 
300 |a 221 p 
942 |c BK 
945 |d 20051028 00:00:00  |a cmena 
260 |a Santiago  |b LOM  |c 2003 
650 0 |a Novelas chilenas   |9 265425 
650 0 |a Literatura chilena   |9 308278 
583 |a last modification  |c 20051028 00:00:00  |k Rodrigo Vera 
490 0 |a Narrativa 
999 |c 315099  |d 315097 
952 |0 0  |1 0  |4 0  |6 CH_863_000000000000000_DIA_2003  |7 0  |8 A  |9 388014  |a FDOPOS  |b FDOPOS  |d 2019-11-22  |i 4177614  |o Ch863 DIA 2003  |p 4177614  |r 2025-01-22  |w 2019-11-22  |y BK  |k MLH